00978cam a2200229 a 450000100100000000500170001000800410002701000130006804000250008108200190010610000370012524500540016226000710021630000200028749000550030765000340036265000350039683000640043195201160049595201220061199900150073300000493520200929151535.0970707s1996 cr 000 p spa  a97169584 aDO-SdBNPbspacBNPHU aES861.4bL334c1 aLars, Claudia,d1899-197491425913aLa Casa de vidrio y otros poemas /cClaudia Lars. aSan Salvador :bConsejo Nacional para la Cultura y el Arte,c1996. a92 p. ;c22 cm.1 aBiblioteca básica de literatura salvadoreñav4 4aPoesía salvadoreña912306 4aLiteratura salvadoreña92929 0aBiblioteca básica de literatura salvadoreña ;n4914260 001050718MOaGRbGRcHDd2009-09-11iLF1l0oES861.4 L334cp4935-10r2020-06-25w2020-06-25y1ZNo se presta 001150718MOaGRbGRcMId2017-05-26iLF1l0oES861.4 L334cp4935-20r2020-06-25te. 2w2020-06-25y1ZNo se presta c4741d4741